Organisational Behaviour: an evidence-based approach / (Record no. 153)

000 -LEADER
fixed length control field 00551nam a2200169Ia 4500
008 - FIXED-LENGTH DATA ELEMENTS--GENERAL INFORMATION
fixed length control field 190805s9999||||xx |||||||||||||| ||und||
020 ## - INTERNATIONAL STANDARD BOOK NUMBER
International Standard Book Number 9781259097430
Terms of availability Rs. 725.00
082 04 - DEWEY DECIMAL CLASSIFICATION NUMBER
Classification number 302.35
Item number L9771
100 1# - MAIN ENTRY--PERSONAL NAME
Personal name Luthans, Fred
245 10 - TITLE STATEMENT
Title Organisational Behaviour: an evidence-based approach /
250 ## - EDITION STATEMENT
Edition statement 12th ed.
260 ## - PUBLICATION, DISTRIBUTION, ETC. (IMPRINT)
Place of publication, distribution, etc New Delhi :
Name of publisher, distributor, etc McGraw Hill Education India,
Date of publication, distribution, etc 2013, reprinted 2015
300 ## - PHYSICAL DESCRIPTION
Extent xvii, 574 p.
Other physical details : ill.
Dimensions ; 25 cm.
650 #0 - SUBJECT ADDED ENTRY--TOPICAL TERM
Topical term or geographic name as entry element Organizational behavior
Form subdivision Textbooks
852 ## - LOCATION/CALL NUMBER
Location
942 ## - ADDED ENTRY ELEMENTS (KOHA)
Item type Books
Holdings
Withdrawn status Lost status Damaged status Not for loan Collection code Permanent location Current location Shelving location Date acquired Source of acquisition Cost, normal purchase price Full call number Barcode Date last seen Koha item type Public note Total Checkouts Date last borrowed
        Management Studies IMU Kochi Library IMU Kochi Library General Stacks 2017-05-23 Educational Supplies 725.00 302.35 L9771 BK003205 2019-08-05 Books Gen. Shelf-2, Row-6    
        Management Studies IMU Kochi Library IMU Kochi Library General Stacks 2017-05-23 Educational Supplies 725.00 302.35 L9771 BK003206 2019-08-05 Books Gen. Shelf-2, Row-6    
        Management Studies IMU Kochi Library IMU Kochi Library General Stacks 2017-05-23 Educational Supplies 725.00 302.35 L9771 BK003207 2019-08-05 Books Gen. Shelf-2, Row-6    
        Management Studies IMU Kochi Library IMU Kochi Library General Stacks 2017-05-23 Educational Supplies 725.00 302.35 L9771 BK003208 2023-05-31 Books Gen. Shelf-2, Row-6 2 2023-05-24
        Management Studies IMU Kochi Library IMU Kochi Library General Stacks 2017-05-23 Educational Supplies 725.00 302.35 L9771 BK003204 2023-05-15 Books Gen. Shelf-2, Row-6 1 2023-05-02


Copyright © All Rights Reserved by Indian Maritime University, Kochi Campus.
For any Suggestions/Query Contact to library or Email: library.kochi@imu.ac.in Ph:(0484)-2989402
(Web OPAC Designed by Rudra Ranjan. Maintained by IMU Kochi Library)

Powered by Koha